Statistics for Reverse Dictionary #60

Click here to take the quiz!

General Stats

  • This quiz has been taken 18 times
  • The average score is 15 of 25

Answer Stats

DefinitionFirst
Letter
Word% Correct
A state of unconsciousness from which one may not wake up, usually induced by some form of trauma.CComa
100%
A toy in the form of a human.DDoll
100%
A thick cloud that forms near the ground.FFog
88%
One of four seasons, traditionally the second, marked by the longest and typically hottest days of the year due to the inclination of the Earth and thermal lag.SSummer
88%
To vanish.DDisappear
81%
To want something to happen, with a sense of expectation that it might.HHope
81%
A person who serves as a subject for artwork or fashion, usually in the medium of photography but also for painting or drawing.MModel
81%
A ship used to transport people, smaller vehicles and goods from one port to another, usually on a regular schedule.FFerry
75%
The usually green and flat organ that represents the most prominent feature of most vegetative plants.LLeaf
75%
A (usually) metal fastener consisting of a cylindrical body that is threaded, with a larger head on one end. It can be inserted into an unthreaded hole up to the head, with a nut then threaded on the other end; a heavy machine screw.BBolt
69%
The body of all written works.LLiterature
69%
To go after; to pursue; to move behind in the same path or direction, especially with the intent of catching.FFollow
63%
The act or service of welcoming, receiving, hosting, or entertaining guests; an appropriate attitude of openness, respect, and generosity toward guests.HHospitality
63%
Any mucilaginous substance; or a mucus-like substance which exudes from the bodies of certain animals, such as snails or slugs.SSlime
63%
A song, or short musical composition.TTune
63%
To trust; to have confidence; to rely.DDepend
56%
To pay out (money).SSpend
56%
Without humor or expression of happiness; grave in manner or disposition.SSerious
50%
A clearly visible object, generally flat, bearing a short message in words or pictures.SSign
44%
An inverted U shape.AArch
38%
(of a rule or punishment) Of only moderate severity; not strict.MMild
38%
The capability for rational thought.MMind
38%
The state of having an attitude or bearing that connotes respectability and poise.DDignity
31%
To allow to leave, or release from any obligation.EExcuse
25%
Contained in the essential nature of something but not openly shown.IImplicit
6%

Score Distribution

Percentile by Number Answered

Percent of People with Each Score

Your Score History

You have not taken this quiz